Bilecik Bilecik Bilecik Bilecik Bilecik

Yakarız bu gezegeni!: futbol, siyaset ve tribünelere dair/ (Record no. 52714)

MARC details
000 -BAŞLIK
Sabit Uzunluktaki Kontrol Alanı 00982nam a22003257a 4500
001 - KONTROL NUMARASI
Control Dosyası 0052900
003 - KONTROL NUMARASI KİMLİĞİ
Kontrol Alanı KOHA_MİRAKIL
005 - EN SON İŞLEM TARİHİ ve ZAMANI
Kontrol Alanı 20260207003859.0
007 - FİZİKSEL TANIM SABİT ALAN - GENEL BİLGİ
Sabit uzunluklu kontrol alanı ta
008 - SABİT UZUNLUKTAKİ VERİ ÖGELERİ - GENEL BİLGİ
Sabit Alan 150629b2014 tu a|||gr||||#||||0|tur |
020 ## - ISBN - ULUSLARARASI STANDART KİTAP NUMARASI
Isbn 9786055169435
040 ## - KATALOGLAMA KAYNAĞI
Özgün Kataloglama Kurumu TR-BiSEU
Kataloglama Dili tur
Çeviri Kurumu TR-BiSEU
Açıklama Kuralları rda
041 0# - DİL KODU
Metin ya da ses kaydının dil kodu tur
044 ## - YAYINLAYAN/ÜRETEN KURULUŞUN ÜLKE KODU
ISO country code tu
050 ## - SINIFLAMA ve YER NUMARASI
Sınıflama Numarası GV943.9
Yer Numarası .D55 2014
100 1# - KİŞİ ADI
Yazar Adı (Kişi adı) Dikici, Sema Tuğçe.
245 1# - ESER ADI BİLDİRİMİ
Başlık Yakarız bu gezegeni!: futbol, siyaset ve tribünelere dair/
Sorumluluk Bildirimi Sema Tuğçe Dikici ; Sema Tuğçe Dikici.
264 #1 - ÜRERİM, YAYIN, DAĞITIM ve TELİF BİLDİRİMİ
Yayın yeri İstanbul :
Yayınlayan Tortuga
Yayın tarihi 2014
300 ## - FİZİKSEL TANIMLAMA
Sayfa, Cilt vb. 271 sayfa :
Diğer fiziki detaylar resimli ;
Boyutları 23 cm.
336 ## - İÇERİK TÜRÜ
Content type term metin
Content type code txt
Source rdacontent
337 ## - MEDYA TÜRÜ
Media type term aracısız
Media type code n
Source rdamedia
338 ## - TAŞIYICI TÜRÜ
Carrier type term cilt
Carrier type code nc
Source rdacarrier
490 1# - DİZİ BİLDİRİMİ
Dizi Bildirimi Caretta Kitapları ;
Cilt Numarası 149.
490 1# - DİZİ BİLDİRİMİ
Dizi Bildirimi Tortuga ;
Cilt Numarası 14.
650 #0 - KONU BAŞLIĞI EK GİRİŞ - KONU TERİMİ
Konusal terim veya coğrafi ad Futbol taraftarları.
9 (RLIN) 98851
650 #0 - KONU BAŞLIĞI EK GİRİŞ - KONU TERİMİ
Konusal terim veya coğrafi ad Futbol.
9 (RLIN) 17812
830 1# - SERİ EK GİRİŞİ - TEKBİÇİM ESER ADI
Tekbiçim Başlık Caretta Kitapları ;
Volume number/sequential designation 149.
9 (RLIN) 90967
830 1# - SERİ EK GİRİŞİ - TEKBİÇİM ESER ADI
Tekbiçim Başlık Tortuga ;
Volume number/sequential designation 14.
9 (RLIN) 98848
942 ## - EK GİRİŞ ÖGELERİ (KOHA)
Source of classification or shelving scheme Library of Congress Classification
Koha item type Book
Holdings
Materyal Türü Kalıcı Konum Mevcut Konum Raf Yeri Sınıflandırma Kaynağı Edinim Bilgisi Ana Konular Alt Konular Yer Numarası Demirbaş Numarası Fatura Tarihi Maliyet, Alış Fiyatı Maliyet, Yenileme Fiyatı Geri Çekilme Durumu Kayıp Durumu Hasarlı Durumu Kredi için değil Kayıt Tarih Toplam Ödünçverme Son Görülme Tarihi Son Kontrol Tarihi Satın Alma Notu
Book Prof. Dr. Azmi Özcan Kütüphanesi Prof. Dr. Azmi Özcan Kütüphanesi Uluğbey Salonu Library of Congress Classification Satın COĞRAFYA, ANTROPOLOJİ, REKREASYON Rekreasyon, Boş Zaman Etkinlikleri GV943.9 .D55 2014 0052900 07/07/2015 11.79 11.79         29/06/2015   05/12/2024 05/12/2024 B-984687 - B-984797